00381nam a2200109Ia 4500008004100000245015200041260003500193260000900228300001000237500000800247650001600255170224s9999 xx 000 0 und d aClinician judgments of clinical utility: A comparison of DSM-IV-TR personality disorders and the alternative model for DSM-5 personality disorders. bJournal of Abnormal Psychology c2014 a123:2 aMay xPsychology.